Logo Biblioteca

Recetas : (Registro nro. 61)

Detalles MARC
000 -LEADER
fixed length control field 02624nam a22002417a 4500
003 - CONTROL NUMBER IDENTIFIER
control field OSt
005 - DATE AND TIME OF LATEST TRANSACTION
control field 20240408090247.0
008 - FIXED-LENGTH DATA ELEMENTS--GENERAL INFORMATION
fixed length control field 230628s2017 ag ||||| |||| 00| 0 spa d
020 ## - INTERNATIONAL STANDARD BOOK NUMBER
International Standard Book Number 9789872645700
040 ## - CATALOGING SOURCE
Language of cataloging spa
Transcribing agency besoc
245 00 - TITLE STATEMENT
Title Recetas :
Remainder of title Las mejores sugerencias para mirar arte contemporáneo
260 ## - PUBLICATION, DISTRIBUTION, ETC.
Place of publication, distribution, etc. Rosario :
Name of publisher, distributor, etc. Ediciones Castagnino/macro,
Date of publication, distribution, etc. 2017
300 ## - PHYSICAL DESCRIPTION
Extent 59 p.
490 ## - SERIES STATEMENT
Materials specified 59 p.
505 0# - FORMATTED CONTENTS NOTE
Formatted contents note Presentación -- El arte de recibir / Nilda de Siemienczuk -- Arte contempóraneo : cómo dejar de decir no entiendo / Diana Aisenberg -- Esto, ¿con qué se come? / Roberto Echen -- Recetas: Paola Vega; Carlos Herrera; Rafel Cippolini; Max Cachimba; Laura Cogo; Los pasteles rojos; Julia Romano; Luis González Palma; José Luis Parodi; Jorge Scosceria; Leo Chiachio y Daniel Giannone; Tito y Pelusa; Rubén Lescano; Alberto Goldenstein; Angélica Gorodischer; Cecilia Richard; Orly Benzacar; Cultura pasajera; Beatriz Vignoli; Leopoldo Estol; Alberto J. Llorente; Rosa Chancho; Delia López Zamora; Margarita Garcia Faure; Cristian Segura; Gastón Pérsico; Gyula Kosice; Marcos López; Pablo Reinoso; Claudia del Río; Eduardo Serón; Adrián Villar Rojas -- ¿Quién es quién?.-
520 ## - SUMMARY, ETC.
Summary, etc. La experiencia del trabajo diario que desarrollamos en el área de Educación del Museo de arte contemporáneo de Rosario (macro) y la observación de los visitantes nos permitió comprobar que el público del museo, ante la complejidad de las producciones contemporáneas, muchas veces se encontraba en un estado de incertidumbre, disgusto o indiferencia al enfrentarse a la obra de arte. Al reflexionar sobre esta cuestión, nos preguntamos: ¿qué buscamos cuando nos paramos frente a una obra de arte contemporáneo?, ¿cómo se mira una obra?, ¿es necesario que la obra sea entendida?<br/>Para pensar en conjunto las posibles respuestas invitamos a distintos actores del campo cultural del país a crear un “pequeño recetario” o guía donde pudieran transmitir su particular forma de mirar una obra, no como una fórmula a imitar –única y exacta–, sino como una posibilidad entre tantas.<br/>En este libro se compilan y publican las distintas reflexiones de personalidades como Gyula Kosice, Marcos López, Claudia del Río, Gastón Pérsico, Rafael Cippolini y Angélica Gorodischer, entre otros. [Nota del editor]
651 #4 - SUBJECT ADDED ENTRY--GEOGRAPHIC NAME
Geographic name Argentina
General subdivision Museos
-- Arte contemporáneo
700 1# - ADDED ENTRY--PERSONAL NAME
Personal name Siemienczuk, Nilda de
Relator term autor
700 1# - ADDED ENTRY--PERSONAL NAME
Personal name Aisenberg, Diana
Relator term autor
700 1# - ADDED ENTRY--PERSONAL NAME
Personal name Echen, Roberto
856 4# - ELECTRONIC LOCATION AND ACCESS
Link text https://castagninomacro.org/archivos/editorial/b_03.libro_de_recetas.pdf
942 ## - ADDED ENTRY ELEMENTS (KOHA)
Source of classification or shelving scheme Universal Decimal Classification
Koha item type Libro de préstamo a domicilio
Suppress in OPAC No
Existencias
Withdrawn status Lost status Source of classification or shelving scheme Damaged status Not for loan Collection Home library Current library Date acquired Total checkouts Full call number Barcode Date last seen Price effective from Koha item type
    Universal Decimal Classification     Colección General Biblioteca Escuela de Ciencias Sociales Biblioteca Escuela de Ciencias Sociales 04/09/2023   7.036 R295 000822 04/09/2023 04/09/2023 Libro de préstamo a domicilio
Biblioteca de la Escuela Preuniversitaria en Ciencias Sociales y Humanísticas.
Riobamba 250 bis.
CP 2000 - Rosario - Santa Fe
E-Mail: biblioteca@esociales.unr.edu.ar